| 000 | 00406cam a2200181ua 4500 | ||
|---|---|---|---|
| 041 |
_amal _h |
||
| 082 |
_a894.8122 _bSAN/VI |
||
| 100 |
_aSankarji, Mattom . _95956 |
||
| 245 |
_aVivaham / _cSakarji Mattom. _hTextual Documents |
||
| 250 |
_a1 / _b. |
||
| 260 |
_aKunnamkulam : _bVictory Press , _c1955. |
||
| 300 | _a123 ; . | ||
| 504 | _a | ||
| 942 | _cBK | ||
| 999 |
_c41 _d41 |
||
| 003 | @ | ||
| 003 | OSt | ||